| 000 | 00502nam a22001697a 4500 | ||
|---|---|---|---|
| 003 | GBCCL | ||
| 005 | 20250617142116.0 | ||
| 008 | 250617b |||||||| |||| 00| 0 eng d | ||
| 040 | _cGBC | ||
| 082 |
_a220.601 _bRAI 1 |
||
| 100 | _aRaichur, Ashish | ||
| 245 |
_aInterpreting scripture : _bhow to study, interpret and communicate the Bible accurately |
||
| 260 |
_aBangalore : _bAll peoples Church & world outreach , _c2025 |
||
| 300 | _a319p. ; | ||
| 650 |
_aBible _vhermeneutics |
||
| 942 |
_2ddc _cBK _n0 |
||
| 999 |
_c10866 _d10866 |
||